|
|
|
|
| LEADER |
00000nam a2200000 a 4500 |
| 001 |
vtls011828309 |
| 003 |
SK-MaSNL |
| 005 |
20260301184018.0 |
| 008 |
251112s1742 gw 011 0 lat |
| 015 |
|
|
|a SNBHFA1742
|
| 020 |
|
|
|a (viaz.)
|
| 040 |
|
|
|a SNKHF
|b slo
|c SNK
|e AACR2
|
| 041 |
0 |
|
|a lat
|
| 044 |
|
|
|a gw
|c DE
|
| 072 |
|
7 |
|a 34
|x Právo
|2 konspekt
|
| 080 |
|
|
|a 34
|2 2011
|
| 080 |
|
|
|a 27‑9
|2 2011
|
| 080 |
|
|
|a 348
|2 2011
|
| 100 |
1 |
|
|a Ayrer, Georg Heinrich,
|d 1702-1774
|4 aut
|4 aui
|4 dto
|9 560011
|
| 245 |
1 |
0 |
|a Commentatio Ivris Ecclesiastici De Ivre Dispensandi Circa Connvbia Jvre Divino Non Diserte Prohibita
|b Ad Edictvm Regivm Prvtenicvm IV. Antea Sectionibvs Singvlatim Edita Atqve Appendice Variorvm Responsorvm Ivs Dispensandi Illvstrantivm Locvpletata Nvnc Synopsi Pariter Atqve Indice Cvm Avctorvm Tvm Rervm Instrvcta
|c Georgii Henrici Ayreri D. Avgvstiss. Ac Potentiss. M. Brit. Regis Atqve Electoris Brvnsvico-Lvneb. A Consiliis Et In Academia Georgia Avgvsta Ivris P. P. O.
|
| 260 |
|
|
|a Gottingae
|b Smptv Regiae Vniversitatis Officin. Librar.
|c MDCCXLII. [=1742]
|
| 300 |
|
|
|a [20], 248, 76, [20] strán
|c 4°
|c 23 × 19 cm
|
| 500 |
|
|
|a Vinety, vlysy, verzály na 2 a 3 riadky
|
| 504 |
|
|
|a Poznámky pod čiarou, kustody
|
| 508 |
|
|
|a Predslov autora; Dedikácia: Münchhausen, Gerlach Adolf von; Ayrer, Georg Heinrich
|
| 510 |
4 |
|
|a WorldCat 1041240319
|
| 546 |
|
|
|a Latinčina
|b Antiqua
|b Kurzíva
|
| 561 |
|
|
|a Z knižnice Učenej spoločnosti malohontskej.
|5 SNKIC 144348
|
| 562 |
|
|
|a Rukopisný exlibris: Compar. Georgiy Fejess Hellmi 1750.
|5 SNKIC 144348
|
| 563 |
|
|
|a Väzba: sivo-modrý papierový kartón.
|5 SNKIC 144348
|
| 650 |
0 |
7 |
|a právo
|2 SNKPH
|9 976
|
| 650 |
0 |
7 |
|a cirkevné právo
|2 SNKPH
|9 978
|
| 650 |
0 |
7 |
|a cirkevné dejiny
|2 SNKPH
|9 3909
|
| 700 |
1 |
|
|a Fejes, Györgyi,
|d 1739-1792
|4 fmo
|9 355594
|
| 700 |
1 |
|
|a Münchhausen, Gerlach Adolf von,
|d 1688-1770
|4 hnr
|9 499279
|
| 710 |
1 |
|
|a Učená spoločnosť malohontská
|4 fmo
|9 205374
|
| 710 |
1 |
|
|a Universitäts-Buchdruckerei (Göttingen, Nemecko)
|4 prt
|9 560012
|
| 752 |
|
|
|a Nemecko
|d Göttingen
|
| 852 |
|
|
|a snk
|b Historické fondy
|p IC 144348
|
| 999 |
|
|
|c 859080
|d 861010
|
| 952 |
|
|
|t III. K. 33/ MHC 988
|a SNK
|b SNK
|c SNK_HF
|y PREZ
|7 0
|p 17A1131606
|o snkIC 144348
|i snk2018/26332
|8 5
|0 0
|1 0
|4 0
|d 2018-12-06
|l 0
|r 2026-02-24 05:06:46
|w 2026-02-24
|